Amusant : Quelle langue apprendre selon votre signe zodiacal ? - Statistiques

Statistiques générales
  • Ce quiz a été pris 109 fois
  • Le résultat moyen est 6 sur 12
Statistiques - réponses
Signe Caractéristiques du signe Réponse % Correct
Lion Aime être le centre de l'attention - Langue largement parlée Espagnol | Chinois | Anglais
90%
Taureau Bon vivant - Langues méditerranéennes Turc | Grec | Italien
90%
Balance Disponible - A l'écoute - Langues latines Italien | Portugais
73%
Vierge Extrêmement rigoureux - Langues demandant de l'organisation Allemand | Néerlandais | Japonais
71%
Poissons Sensible - Emotif - Intuitif - Artiste - Langue scandinave Suèdois
65%
Bélier Audacieux - Aime les défis - Langues rares et complexes Russe | Arabe
60%
Capricorne Lucide - Intègre - Tenace - Langue difficile Chinois | Mandarin
58%
Gémeaux Joueur et rieur - Langues romanes Portugais | Roumain
58%
Scorpion Signe complexe - Courageux - Passionné - Langue énigmatiques Russe | Polonais
41%
Verseau Aime les discours - Rêveur Allemand | Russe
24%
Cancer Emotif - Rêveur - Langues de pays proches de la mer Danois | Norvégien | Indonésien
15%
Sagittaire Humaniste - Bienveillant - Enthousiaste - Langues latines Portugais - Italien
0%
Aucun quiz correspondant
Distribution des résultats
% des personnes avec chaque résultat
Percentile par nombre de réponses
Votre historique - résultats
Vous n’avez pas pris ce quiz